000 01226nam a22002537i 4500
999 _c23023
_d23023
003 AR-CdUCM
008 240909b20162016 pe||||| |||| 00| 0 spa d
020 _a978-612-304-499-2
040 _aMUNICIPALIDAD PROVINCIAL DEL CUSCO
_cBIBLIOTECA MUNICIPAL DEL CUSCO
041 _hspa
082 _a 615.8202 / P17P
_bP17P
100 _aPariazamán Guevara, Roosvell
_950301
245 _aPrescripción del ejercicio físico :
_bcómo diseñar un programa de entrenamiento físico en personas saludables /
260 _aLima
_bEditoral Macro
_c2016
300 _a 598 Páginas. :
_c25 cm
505 _aEjercicio terapéutico -- Principios básicos para la periodización y programación de la carga de entrenamiento físico -- Prescripción del ejercicio físico aeróbico-cardiovascular -- Prescripción del ejercicio físico para las capacidades musculares -- Prescripción del ejercicio físico para el entrenamiento de la flexibilidad -- Casos de aplicación integral.
650 _aEjercicio físico
_950302
650 _aEntrenamiento físico
_950303
650 _aEjercicio aeróbico
_950304
650 _aFitness muscular
_950305
650 _aFlexibilidad
_950306
942 _2ddc
_cLIBROS
945 _apbj
_d2024-09-09